Countries and Clubs of FIFA World Cup 2022 Squads - Group G - Statistics

General Stats
  • This quiz has been taken 87 times
  • The average score is 14 of 25
Answer Stats
Answer % Correct
England
97%
Spain
96%
France
95%
Italy
92%
Brazil
88%
Germany
88%
Switzerland
83%
Real Madrid
82%
Manchester United
80%
Arsenal
76%
Juventus
75%
Liverpool
66%
Portugal
61%
Paris Saint-Germain
55%
Borussia Mönchengladbach
38%
Fiorentina
38%
Young Boys
38%
Sevilla
36%
Flamengo
33%
Saudi Arabia
24%
Torino
24%
Getafe
12%
Mainz 05
12%
Red Bull Salzburg
11%
Hellas Verona
9%
No matching quizzes found
Score Distribution
Percent of People with Each Score
Percentile by Number Answered
Your Score History
You have not taken this quiz